| 000 | 00394nam a22001457a 4500 | ||
|---|---|---|---|
| 999 |
_c2706 _d2706 |
||
| 008 | 200313b ||||| |||| 00| 0 eng d | ||
| 082 | 0 | 0 |
_a629.13433 _bF8481 |
| 100 |
_92320 _aFrazer, R. A. |
||
| 245 | 1 | 0 |
_aGraphical treatment of binary mass-balancing problems _cby R. A. Frazer |
| 260 |
_aLondon _bHMSO _c1951 |
||
| 300 | _a10 p. | ||
| 365 | _d1.08 | ||
| 650 | 0 | _aMarine Engineering | |
| 942 | _cBK | ||